=LDR 00000nam 2200000 4500 =001 INLIS000000000037458 =005 20200212101511 =035 ##$$a 0010-061300000037458 =008 200212################g##########0#ind## =041 ##$$a Ind =082 ##$$a 153.2 =090 ##$$a 153.2, Cha d =100 ##$$a Chan, Yance =245 1#$$a dua Inspire U : $b Menjadikan cacat dan kekurangan sebagai motivasi untuk lebih maju /$c Yance Chan =260 ##$$a Jakarta :$b PT. Gramedia Pustaka Utama,$c 2007 =300 ##$$a 144 hlm. : $b ilus. ; $c 11 x 18 cm =650 #4$$a Inspirasi =850 ##$$a NBPNMAT =020 ##$$a 978-979-22-2901-1 =084 ##$$a 153.2 CHA d =990 ##$$a 21105200 =990 ##$$a 21105199